Bioactive food as dietary interventions for diabetes /

The role of diet in the prevention, control and treatment of diabetes continues to provide significant opportunity for non-pharmaceutical interventions for many of the over 20 million people who live with this disease. Looking beyond traditional dietary controls may lead to more effective, cost effi...

Full description

Bibliographic Details
Corporate Author: ScienceDirect (Online service)
Other Authors: Watson, Ronald R. (Ronald Ross) (Editor), Preedy, Victor R.
Format: eBook
Language:English
Language Notes:English.
Published: Boston : Elsevier/Academic Press, ©2013.
Edition:1st ed.
Series:Bioactive foods in chronic disease states.
Subjects:
Online Access:Connect to the full text of this electronic book

MARC

Tag First Indicator Second Indicator Subfields
LEADER 00000cam a2200000 a 4500
001 in00005750607
005 20260326192927.5
006 m o d
007 cr cnu---unuuu
008 121031s2013 maua ob 001 0 eng d
010 |a  2013371007 
040 |a OPELS  |b eng  |e pn  |c OPELS  |d YDXCP  |d CDX  |d OCLCQ  |d N$T  |d GZM  |d E7B  |d OCLCO  |d IDEBK  |d NKT  |d CUX  |d OCLCF  |d UIU  |d TEFOD  |d FTU  |d NLE  |d OCLCQ  |d OCLCO  |d TEFOD  |d OCLCQ  |d D6H  |d LOA  |d OCLCO  |d USU  |d OCLCO  |d ICA  |d LVT  |d COCUF  |d AGLDB  |d K6U  |d Z5A  |d PIFAG  |d FVL  |d OCLCQ  |d OCLCO  |d U3W  |d OCLCA  |d STF  |d WRM  |d OCLCQ  |d VTS  |d CHVBK  |d VT2  |d OCLCO  |d AU@  |d OCLCO  |d OCLCQ  |d WYU  |d OCLCO  |d OCLCA  |d TKN  |d OCLCO  |d LEAUB  |d M8D  |d OCLCO  |d UX1  |d OL$  |d ESU  |d SFB  |d OCLCA  |d UKCRE  |d OCLCO  |d OCLCQ  |d OCLCO  |d OCLCL  |d OCLCQ  |d SXB  |d OCLCQ  |d OCLCO  |d OCLCL  |d OCLCQ 
016 7 |a 101601604  |2 DNLM 
016 7 |a 016117118  |2 Uk 
019 |a 819508691  |a 820153367  |a 820818407  |a 962188507  |a 972046897  |a 991975147  |a 1037785359  |a 1038702235  |a 1055361794  |a 1066688766  |a 1081240053  |a 1127176356  |a 1153491729  |a 1228527935 
020 |a 9780123977625  |q (electronic bk.) 
020 |a 0123977622  |q (electronic bk.) 
020 |a 128371647X 
020 |a 9781283716475 
020 |z 9780123971531  |q (print) 
020 |z 0123971535  |q (print) 
035 |a (OCoLC)815520899  |z (OCoLC)819508691  |z (OCoLC)820153367  |z (OCoLC)820818407  |z (OCoLC)962188507  |z (OCoLC)972046897  |z (OCoLC)991975147  |z (OCoLC)1037785359  |z (OCoLC)1038702235  |z (OCoLC)1055361794  |z (OCoLC)1066688766  |z (OCoLC)1081240053  |z (OCoLC)1127176356  |z (OCoLC)1153491729  |z (OCoLC)1228527935 
037 |a 84E8692A-DCA5-4681-9893-26183A706C69  |b OverDrive, Inc.  |n http://www.overdrive.com 
050 4 |a RC662  |b .B56 2013 
060 0 0 |a 2013 A-952 
060 1 0 |a WK 818 
072 7 |a HEA  |x 039050  |2 bisacsh 
072 7 |a MBNH3  |2 bicssc 
082 0 4 |a 616.4/620654  |2 23 
049 |a TXAM 
245 0 0 |a Bioactive food as dietary interventions for diabetes /  |c edited by Ronald Ross Watson and Victor R. Preedy. 
250 |a 1st ed. 
260 |a Boston :  |b Elsevier/Academic Press,  |c ©2013. 
300 |a 1 online resource (xxiv, 633 pages) :  |b illustrations (some color). 
336 |a text  |b txt  |2 rdacontent 
337 |a computer  |b c  |2 rdamedia 
338 |a online resource  |b cr  |2 rdacarrier 
490 1 |a Bioactive foods in chronic disease states 
520 |a The role of diet in the prevention, control and treatment of diabetes continues to provide significant opportunity for non-pharmaceutical interventions for many of the over 20 million people who live with this disease. Looking beyond traditional dietary controls may lead to more effective, cost efficient, and flexible options for many patients. Bioactive Food as Dietary Interventions for Diabetes is the only available scientific resource focused on exploring the latest advances in bioactive food research, and the potential benefit of bioactive food choice on the diabetic condition. Written by experts from around the world, it presents important information that can help improve the health of those at risk for diabetes and diabetes related conditions using food selection as its foundation. Focuses on the role of bioactive foods in addressing pre-diabetes symptoms, their potential to complement other treatments for those suffering from diabetes and diabetic-related obesity and other health issues. Documents foods that can affect metabolic syndrome and ways the associated information could be used to understand other diseases that share common etiological pathwaysIncludes insights from experts from around the world, providing global perspectives and options based on various regional foods. 
500 |a Title from publisher's Web site; (ScienceDirect; viewed on Oct. 31, 2012). 
504 |a Includes bibliographical references and index. 
505 0 |a Role of Oxidative Stress in the Pathogenesis of Insulin Resistance and Type 2 Diabetes / E.J. Henriksen -- Diabetes and the Role of Dietary Supplements / P. Massey -- Government Regulation of Dietary Supplements and Foods : Role in Diabetes / E.R. Farnsworth, S. Jew -- Diabetes as an Immune Dysfunction Syndrome / R. Jaffe -- Antihyperglycemic Potential of Secoisolaricinol Diglucoside / S.L. Badole, A.A. Zanwar, S.L. Bodhankar -- Antidiabetic Potential of Trigonelline and 4-Hydroxyisoleucine in Fenugreek / A.B. Upaganlawar, S.L. Badole, S.L. Bodhankar -- Community Participation and Diabetes Control / K.M. Reinschmidt -- Glycine max (Soybean) Treatment for Diabetes / S.L. Badole, S.L. Bodhankar -- Amino Acid Supplements and Diabetes / E. Nisoli, R. Qquiliani, G. D'Antona -- Reduction in Serum Glucose with Garlic Extracts / S.A. Nasim, B. Dhir -- Dietary Supplements, Immune Modulation, and Diabetes Control / J.-N. Ho, R.R. Watson, J. Lee -- Dietary Supplements and Herbs in Diabetes and Its Prevention / B. Kieć-Wilk [and others] -- Phytotherapeutics in Treating Diabetes / C. Vennos, H. Schwabl, C. Bommeli -- Plant-Derived Hyroxycinnamate Derivaties, Insulin Sensitivity, and Adiponectin : Implications for Diabetes Control / H. Ushio [and others] -- Antidiabetic Activity of Allium Sativum / S.L. Badole, A.E. Ghule, N.K. Wagh -- Chromium and Diabetes / V. Juturu, J.J. Gormley -- Dietary Calcium and Magnesium and the Risk of Type 2 Diabetes / H.J. Murff, R. Villegas -- Polyunsaturated Fatty Acids and Insulin Resistance / D.M. Fedor, D.S. Kelley -- Vitamin D and Type 2 Diabetes Mellitus / E. Cavalier -- Pongamia pinnata : Treatment of Diabetes / S.L. Badole, S.L. Bodhankar -- Oyster Mushroom (Pleurotus pulmonarius) and Diabetes Care / S.L. Badole, S.L. Bodhankar -- Traditional Medicinal Plants of Indigenous Peoples of Canada and Their Antioxidant Activity in Relation to Treatment of Diabetes / L.M. McCune -- Indian Medicinal Plants with Hypoglycemic Potential / P.K. Mukherjee [and others] -- Plant Extracts and Alkaloids : Prevention of Diabetic Nephropathy / K. Yokote, M. Takemoto -- Lutein and Diabetic Cataracts / M. Miranda, J. Araiz, F.J. Romero -- Compounds in Vegetables Including Okra and Fenugreek of Potential Value in the Treatment of Diabetes / M.A. Lee -- Probiotics and Diabetes/Obesity : Health Implications / H. Yadav, S. Jain, M. Yadav -- Tradition and Perspectives of Diabetes Treatment in Greco-Arab and Islamic Medicine / B. Saad, H. Zaid, O. Said -- State of the Art Diabetes Treatment in Greco-Arab and Islamic Medicine / H. Zaid, B. Saad -- Phytonutrients in Diabetes Management / R. Jaffe -- Antidiabetic Effects of Punica granatum L (Pomegranate) : A Review / M.S. Baliga [and others] -- Type II Diabetes Mellitus : 2011 Research Summary / M.J. Egles -- Diabetes and Natural Products / J. Gunn, C.-T. Che, N. Farnsworth -- L-Carnitne in Patients with Diabetes / G. Malaguarnera, M. Giordano, M. Malaguarnera -- Antioxidants and Inflammation in Obesity / A.D. Pearls, E.L. Abbey -- Magnesium and Metabolic Syndrome : The Role of Magnesium in Health and Disease / A. Hruby, N.M. McKeown -- Obesity in Ayurveda : Dietary, Lifestyle, and Herbal Considerations / H. Sharma, H.M. Chandola -- The Effects of a Fermented Soy Product and Isoflavones in Metabolic Syndrome Control / A. de Piano [and others] -- Anti-Inflammatory Actions of Pycnogenol : Diabetes and Arthritis / F.M. Cordova, M.B.F. Marks, R.R. Watson -- Metabolic Syndrome : Diet, Obesity, and Chronic Inflammation / T. Marx, A. Clewell, M. Barnes -- The Indian Medicinal Plant Aegle marmelos in the Treatment of Diabetes Mellitus : Promise and Prospects / P.L. Palatty [and others] -- Antidiabetic and Hypoglycemic Effects of Syzygium cumini (Black Plum) / A.R. Shivashankara [and others] -- Human Milk as a Bioactive Food / J.M. Moreno-Villars, M.J. Galiano-Segovia -- Ginger (Zingiber officinale Roscoe) in the Treatment of Diabetes and Metabolic Syndrome : Preclinical Observations / A.R. Shivashankara [and others] -- Antidiabetic and Cardioprotective Effects of Amia (Eblica officinalis Gaertn) and Its Phytochemicals : Preclinical Observations / M.S. Baliga [and others] -- Prickly Pear Cactus ('Nopal') for the Treatment of Type 2 Diabetes Mellitus / A.E. González-Stuart -- Antioxidant Capacity of Honey : Potential Health Benefits / D.H.M. Bastos, G.R. Sampaio. 
546 |a English. 
650 0 |a Diabetes  |x Diet therapy. 
650 0 |a Diabetes  |x Nutritional aspects. 
650 0 |a Bioactive compounds. 
650 1 2 |a Diabetes Mellitus  |x diet therapy 
650 6 |a Diabète  |x Aspect nutritionnel. 
650 6 |a Composés bioactifs. 
650 7 |a HEALTH & FITNESS  |x Diseases  |x Diabetes.  |2 bisacsh 
650 7 |a Bioactive compounds  |2 fast 
650 7 |a Diabetes  |x Diet therapy  |2 fast 
650 7 |a Diabetes  |x Nutritional aspects  |2 fast 
655 7 |a Electronic books.  |2 local 
700 1 |a Watson, Ronald R.  |q (Ronald Ross)  |4 edt  |1 https://id.oclc.org/worldcat/entity/E39PCjGgxC47cmCfdqyH6Y7xH3 
700 1 |a Preedy, Victor R.  |1 https://id.oclc.org/worldcat/entity/E39PBJcC4fw9XGkq4pcrC4VwG3 
710 2 |a ScienceDirect (Online service) 
758 |i has work:  |a Bioactive food as dietary interventions for diabetes (Text)  |1 https://id.oclc.org/worldcat/entity/E39PCFydTkbt6W8bGbYkvXbKV3  |4 https://id.oclc.org/worldcat/ontology/hasWork 
776 0 8 |i Print version:  |t Bioactive food as dietary interventions for diabetes.  |d Boston : Elsevier/Academic Press, ©2013  |z 9780123971531  |w (OCoLC)793581680 
830 0 |a Bioactive foods in chronic disease states. 
856 4 0 |u http://proxy.library.tamu.edu/login?url=https://www.sciencedirect.com/science/book/9780123971531  |z Connect to the full text of this electronic book  |t 0 
955 |a Elsevier ScienceDirect 2026-2027 
994 |a 92  |b TXA 
999 f f |i 6de52156-3267-4bcb-afbf-4f974dd9bf98  |s 25341b41-f8bf-4d83-b15a-0542795453d3  |t 0 
952 f f |a Texas A&M University  |b College Station  |c Electronic Resources  |s www_evans  |d Available Online  |t 0  |e RC662 .B56 2013  |h Library of Congress classification 
998 f f |a RC662 .B56 2013  |t 0  |l Available Online